Marcatori del Napoli in UEFA Champions League 2022-2023 - Statistics

Statistiche generali
  • Questo quiz è stato fatto 42 volte
  • Il punteggio medio è 23 su 26
Statistiche sulle risposte
Partita Minuto Marcatore % Corretto
Napoli - Ajax 4-2 89' Victor Osimhen
100%
Eintracht Francoforte - Napoli 0-2 40' Victor Osimhen
100%
Napoli - Eintracht Francoforte 3-0 47' Victor Osimhen
100%
Napoli - Eintracht Francoforte 3-0 53' Victor Osimhen
100%
Napoli - Milan 1-1 93' Victor Osimhen
100%
Ajax - Napoli 1-6 33' Giovanni Di Lorenzo
97%
Eintracht Francoforte - Napoli 0-2 65' Giovanni Di Lorenzo
97%
Napoli - Liverpool 4-1 44' Giovanni Simeone
95%
Ajax - Napoli 1-6 81' Giovanni Simeone
95%
Napoli - Rangers 3-0 11' Giovanni Simeone
95%
Napoli - Rangers 3-0 16' Giovanni Simeone
95%
Napoli - Liverpool 4-1 31' André-Frank Anguissa
92%
Rangers - Napoli 0-3 68' Matteo Politano
92%
Rangers - Napoli 0-3 85' Giacomo Raspadori
89%
Ajax - Napoli 1-6 18' Giacomo Raspadori
89%
Ajax - Napoli 1-6 47' Giacomo Raspadori
89%
Napoli - Ajax 4-2 16' Giacomo Raspadori
89%
Napoli - Liverpool 4-1 5' Piotr Zieliński
89%
Napoli - Liverpool 4-1 47' Piotr Zieliński
89%
Ajax - Napoli 1-6 45' Piotr Zieliński
89%
Napoli - Eintracht Francoforte 3-0 64' Piotr Zieliński
89%
Ajax - Napoli 1-6 63' Khvicha K'varatskhelia
84%
Napoli - Ajax 4-2 62' Khvicha K'varatskhelia
84%
Napoli - Ajax 4-2 4' Hirving Lozano
70%
Rangers - Napoli 0-3 91' Tanguy Ndombele
70%
Napoli - Rangers 3-0 80' Leo Skiri Østigård
54%
Nessun quiz corrispondente trovato
Distribuzione punteggi
Percentuale di utenti per punteggio
Percentile per numero di risposta
I tuoi punteggi nel tempo
Non hai fatto questo quiz